Normal view
MARC view
Entry Topical Term
001 - CONTROL NUMBER
- control field: 753677
003 - CONTROL NUMBER IDENTIFIER
- control field: OSt
005 - DATE AND TIME OF LATEST TRANSACTION
- control field: 20250501143513.0
008 - FIXED-LENGTH DATA ELEMENTS
- fixed length control field: 250501|| aca||aabn | a|a d
040 ## - CATALOGING SOURCE
- Original cataloging agency: OSt
- Transcribing agency: OSt
150 ## - HEADING--TOPICAL TERM
- Topical term or geographic name entry element: ਪੁੱਜਬਾਈ ਕਾਵਿ
670 ## - SOURCE DATA FOUND
- Source citation: Work cat.: (OSt)1309898: ਸਿੰਘ, ਨਾਹਰ 753668, ਕੱਲਰ ਦੀਵਾ ਮੱਚਦਾ , 2022.
